Campeones de la Recopa Sudamericana - Estadísticas

Estadísticas generales
  • Esta prueba ha sido intentada 120 veces
  • La puntuación promedio es 22 de 26
Estadísticas de respuestas
Año País Equipo % Correcto
2015 Argentina River Plate
98%
2016 Argentina River Plate
98%
1990 Argentina Boca Juniors
97%
2005 Argentina Boca Juniors
97%
2006 Argentina Boca Juniors
97%
2008 Argentina Boca Juniors
97%
1989 Uruguay Nacional
93%
1996 Brasil Grêmio
91%
2018 Brasil Grêmio
91%
2017 Colombia Atlético Nacional
89%
1995 Argentina Independiente
87%
1992 Chile Colo-Colo
85%
1991 Paraguay Olimpia
83%
2003 Paraguay Olimpia
83%
2012 Brasil Santos
83%
2013 Brasil Corinthians
82%
2007 Brasil Internacional
80%
2011 Brasil Internacional
80%
1993 Brasil São Paulo
79%
1994 Brasil São Paulo
79%
2014 Brasil Atlético Mineiro
78%
1998 Brasil Cruzeiro
71%
2004 Peru Cienciano
68%
2009 Ecuador LDU Quito
62%
2010 Ecuador LDU Quito
62%
1997 Argentina Velez Sarsfield
52%
No se encontraron pruebas coincidentes
Distribución de puntuación
Porcentaje de gente con cada puntuación
Porcentaje por número respondido
Historial de tus puntuaciones
No has intentado esta prueba.